[Event "Cairo Egyptian op"]
[Site "Cairo"]
[Date "2016.04.26"]
[Round "7"]
[White "Shaheen, Sameh"]
[Black "Abdalla, Emad Eldin"]
[Result "0-1"]
[WhiteElo "1730"]
[BlackElo "1869"]
[PlyCount "74"]
[EventDate "2016.04.22"]
[EventType "swiss"]
[EventRounds "9"]
[EventCountry "EGY"]
[SourceTitle "CBM 172 Extra"]
[Source "ChessBase"]
[SourceDate "2016.06.21"]
[SourceVersion "1"]
[SourceVersionDate "2016.06.21"]
[SourceQuality "1"]

1. d4 d5 2. Nf3 e6 3. g3 Nf6 4. Bg2 c5 5. c4 Nc6 6. cxd5 exd5 7. 0-0 cxd4 8. Nxd4 Bc5 9. Nb3 Bb6 10. Bg5 Be6 11. Nc3 Ne7 12. Bxf6 gxf6 13. Nd4 Qd7 14. Na4 Bxd4 15. Qxd4 0-0 16. Qxf6 Qxa4 17. Qxe7 Qc2 18. Qg5+ Kh8 19. Qf6+ Kg8 20. e3 Rfc8 21. h4 Qg6 22. Qe5 Rc2 23. e4 Re8 24. Rac1 Rd2 25. exd5 Bd7 26. Rc8 Rxc8 27. h5 Qf5 28. Qe7 Bb5 29. Be4 Qg4 30. Qb4 f5 31. Qxb5 fxe4 32. Qxb7 e3 33. h6 Rf8 34. Qxa7 Rfxf2 35. Qg7+ Qxg7 36. hxg7 Rg2+ 37. Kh1 Rh2+ 0-1